Dans la peau d'une femme de plus de 65 ans (notice n° 2197753)

détails MARC
000 -LEADER
fixed length control field 01344cam a2200133 4500500
005 - DATE AND TIME OF LATEST TRANSACTION
control field 20260405085448.0
041 ## - LANGUAGE CODE
Language code of text/sound track or separate title fre
042 ## - AUTHENTICATION CODE
Authentication code dc
100 10 - MAIN ENTRY--PERSONAL NAME
Personal name Macia, Enguerran
Relator term author
245 00 - TITLE STATEMENT
Title Dans la peau d'une femme de plus de 65 ans
260 ## - PUBLICATION, DISTRIBUTION, ETC.
Name of publisher, distributor, etc. Armand Colin,<br/>
Date of publication, distribution, etc. 2013.<br/>
520 ## - SUMMARY, ETC.
Summary, etc. Rester, ou tout du moins avoir l’air, jeune est devenu un véritable impératif social.Face à la pression des discours normatifs qui prônent le mythe de l’éternelle jeunesse, comment les femmes vivent-elles les changements biologiques et sociaux liés à l’avancée en âge ? Quelles stratégies mettent-elles en place pour limiter l’empreinte du temps sur, et dans, leur corps ? Ressentent-elles une rupture entre un corps vieillissant et une identité « sans âge » ?En accordant une large place à la parole des femmes, cet ouvrage propose une approche originale du vieillissement humain, vu à travers le prisme du corps. Il interroge leur perception des transformations corporelles, les modes de résistance qu’elles peuvent mettre en place face à ce processus physiologique dégénératif et comment elles réinventent – ni plus ni moins – les modalités du vieillir ici et maintenant.
856 41 - ELECTRONIC LOCATION AND ACCESS
Uniform Resource Identifier <a href="https://shs.cairn.info/dans-la-peau-d-une-femme-de-plus-de-65-ans--9782200279783?lang=fr&redirect-ssocas=7080">https://shs.cairn.info/dans-la-peau-d-une-femme-de-plus-de-65-ans--9782200279783?lang=fr&redirect-ssocas=7080</a>

Pas d'exemplaire disponible.

PLUDOC

PLUDOC est la plateforme unique et centralisée de gestion des bibliothèques physiques et numériques de Guinée administré par le CEDUST. Elle est la plus grande base de données de ressources documentaires pour les Étudiants, Enseignants chercheurs et Chercheurs de Guinée.

Adresse

627 919 101/664 919 101

25 boulevard du commerce
Kaloum, Conakry, Guinée

Réseaux sociaux

Powered by Netsen Group @ 2025